Stroje a zariadenia 3 pre učebný odbor 2962 2 pekár

Bibliographic Details
Main Author: Szemes, Vojtech, 1934-2019 (Author)
Format: Book
Language:Slovak
PhysicalDescription:116 s. fareb. fotogr., ilustr., sch. 30 cm
Published: Bratislava Promp 2011
ISBN:9788096939695
Edition:1. vyd.
Subjects:

MARC

LEADER 00000cam a2200000 a 4500
001 vtls010327866
003 SK-MaSNL
005 20260301032245.0
008 240313s2011 xo oal e p 000 0 slo
015 |a SNBA2012/03-01446 
020 |a 9788096939695  |q (brož.) 
035 |a 18505F53-BB03-4CC1-BB05-BFB85EE8D0E6 
035 |a urn:nbn:sk:snk-amjxqc 
035 |a urn:nbn:sk:snk-am007zpb 
040 |a SNK  |b slo  |c SNK  |e AACR2 
041 0 |a slo 
044 |a xo  |c SK 
072 7 |a 664  |x Potravinársky priemysel  |2 konspekt 
072 7 |a 62  |x Technika  |2 konspekt 
080 |a 664.6  |2 2001 
080 |a 664.65.05  |2 2001 
080 |a (075.3)  |2 2001 
080 |a 62-1/-9:664.6  |2 2001 
100 1 |a Szemes, Vojtech,  |d 1934-2019  |4 aut  |9 204885 
245 1 0 |a Stroje a zariadenia 3  |b pre učebný odbor 2962 2 pekár  |c Vojtech Szemes 
250 |a 1. vyd. 
260 |a Bratislava  |b Promp  |c 2011 
300 |a 116 s.  |b fareb. fotogr., ilustr., sch.  |c 30 cm 
366 |e 500 výt. 
504 |a Bibliogr. s. 114 
650 0 7 |a pekárstvo  |2 SNKPH  |9 31203 
650 0 7 |a pekárske stroje  |2 SNKPH  |9 51224 
650 0 7 |a Bakery  |2 SNKPHeng  |9 325979 
650 0 7 |a Baker machines  |2 SNKPHeng  |9 329237 
650 0 7 |a stroje a zariadenia  |2 SNKPH  |9 276768 
655 7 |a učebnice stredných škôl  |2 SNKPH  |9 69323 
655 7 |a Textbooks (secondary)  |2 SNKPHeng  |9 276359 
919 |a 978-80-969396-9-5 
958 |a NB 
968 |d 66/69 
999 |c 578081  |d 580011 
952 |a SNK  |b SNK  |y PREZ  |7 0  |p 17A0835243  |o snkSB 82419  |i snk2012/2117  |8 0  |0 0  |1 0  |4 0  |d 2012-01-26  |f 1  |l 0  |r 2025-05-06 00:00:00  |w 2026-02-23 
952 |a SNK  |b SNK  |y VYP  |7 0  |p 17A0835244  |o snkSB 82419 D1  |i snk2012/2118  |8 0  |0 0  |1 0  |4 0  |d 2012-01-26  |l 0  |r 2016-06-30 00:00:00  |w 2026-02-23